United state (Record no. 38610)
[ view plain ]
| 000 -LEADER | |
|---|---|
| fixed length control field | 00459nam a2200157Ia 4500 |
| 022 ## - INTERNATIONAL STANDARD SERIAL NUMBER | |
| ISSN | TP 757 .P57/ |
| 050 ## - CALL MARK | |
| Classification number | Pipeline & gas journal |
| 245 #0 - TITLE STATEMENT | |
| Title | United state |
| 260 ## - PUBLICATION, DISTRIBUTION, ETC. (IMPRINT) | |
| Place of publication | ENDURO pipeline services, inc. |
| 260 ## - PUBLICATION, DISTRIBUTION, ETC. (IMPRINT) | |
| Name of publisher | 2015 |
| 260 ## - PUBLICATION, DISTRIBUTION, ETC. (IMPRINT) | |
| Year of publication | 112 p. :ill. ; 27 cm. |
| 300 ## - PHYSICAL DESCRIPTION | |
| Number of Pages | Gas pipelines--Periodicals. Gas distribution--Periodicals. Pipelines--Periodicals. |
| 650 ## - SUBJECT ADDED ENTRY--TOPICAL TERM | |
| Topical Term | SR |
No items available.